Libro

Realidad mental y mundos posibles : los actos de la imaginación que dan sentido a la experiencia /

Guardado en:
Detalles Bibliográficos
Autor principal: Bruner, Jerome S., (Jerome Seymour) 1915-2016
Formato: Libro
Idioma:español
Publicado: Barcelona : Gedisa, 1998
Colección:Divulgación y autoayuda
Materias:

MARC

LEADER 00000nam#a2200000#a#4500
001 006875
003 AR-BeUNQ
005 20190603114221.0
008 010116s1998 sp | 000 0 spa d
999 |c 9555  |d 84942 
020 |a 8474323134 
040 |a AR-beUNQ  |e aacr 
099 |a 04-B69 
100 1 |9 1207  |a Bruner, Jerome S.,   |q (Jerome Seymour)  |d 1915-2016 
245 1 0 |a Realidad mental y mundos posibles :   |b los actos de la imaginación que dan sentido a la experiencia /   |c Jerome Bruner. 
260 |a Barcelona :  |b Gedisa,  |c 1998 
300 |a 182 p. 
490 0 |a Divulgación y autoayuda 
650 7 |a Aptitud creativa  |2 Spines 
650 7 |a Pensamiento  |2 Spines 
650 7 |a Conocimiento  |2 Spines 
650 7 |a Psicología de la creatividad  |2 Spines 
929 |a COMPRA  |b Universidad Virtual  |d 8,00E  |e 20000612  |j 28457 
942 |c LIB  |n 0